LEADER 00965nam0 2200253 450 001 000005685 005 20050119121248.0 010 $a88-14-09528-0 100 $a20050114d2002----km-y0itay50------ba 101 0 $aita 102 $aIT 200 1 $aProfili attuali di diritto sportivo e nuova legge antidoping$eAtti del convegno organizzato da Avvocatura indipendente con il contributo del Consiglio dell'Ordine degli Avvocati di Firenze ; Firenze, 4 maggio 2001$fa cura di Gianluca Gambogi 210 $aRoma$aMilano$cGiuffrè$d1906- 215 $aX, 148 p.$d24 cm 300 $asegue Appendice legislativa 610 1 $aSport$aDiritto 610 1 $aDoping$aLegislazione 676 $a344.45099 700 1$aGambogi,$bGianluca$0269350 801 0$aIT$bUNIPARTHENOPE$c20050113$gRICA$2UNIMARC 912 $a000005685 951 $cNAVA1$a344-P/7$b37318$d20050114 996 $aProfili attuali di diritto sportivo e nuova legge antidoping$91206246 997 $aUNIPARTHENOPE LEADER 01294nam 2200397 450 001 990000733100203316 010 $a88-14-06745-7 035 $a0073310 035 $aUSA010073310 035 $a(ALEPH)000073310USA01 035 $a0073310 100 $a20011112d1997----km-y0itay0103----ba 101 $aita 102 $aIT 105 $a||||||||001yy 200 1 $aLaurea honoris causa in scienze politiche a Antonio Fazio$eatti delle cerimonia 210 $aMilano$cA. Giuffré$d1997 215 $a41 p.$d24 cm 225 2 $aPubblicazioni$fdella Facoltà di scienze politiche, Università di Macerata$v3 410 $12001$aPubblicazioni$fdella Facoltà di scienze politiche, Università di Macerata$v3 461 1$1001-------$12001 606 0 $aFazio, Antonio 676 $a332.1092 702 1$aFAZIO,$bAntonio 801 0$aIT$bsalbc$gISBD 912 $a990000733100203316 951 $aX 9 XV 3$b16936 G$cX 9 XV 959 $aBK 969 $aGIU 979 $aPATTY$b90$c20011112$lUSA01$h1432 979 $aPATTY$b90$c20011112$lUSA01$h1434 979 $aPATTY$b90$c20011112$lUSA01$h1436 979 $c20020403$lUSA01$h1721 979 $aPATRY$b90$c20040406$lUSA01$h1650 996 $aLaurea honoris causa in scienze politiche a Antonio Fazio$9964072 997 $aUNISA LEADER 01805nam0 22003973i 450 001 VAN00237481 005 20241204105925.215 010 $a978-36-625-7316-7 100 $a20220114d2020 |0itac50 ba 101 $aeng 102 $aDE 105 $a|||| ||||| 181 $ai$b e 182 $ab 200 1 $aMineralogy$eAn Introduction to Minerals, Rocks, and Mineral Deposits$fMartin Okrusch, Hartwig E. Frimmel 210 $aBerlin$cSpringer$d2020 215 $aXI, 719 p.$cill.$d24 cm 410 1$1001VAN00237483$12001 $aSpringer Textbooks in Earth Sciences, Geography and Environment$1210 $aBerlin, Cham$cSpringer$d2017- 620 $dBerlin$3VANL000066 676 $a551.9$cGeochimica$v22 676 $a550$cScienze della terra e geologia - Geofisica$v22 676 $a549$cMineralogia$v22 676 $a553$cGeologia applicata - Geologia economica$v22 700 1$aOkrusch$bMartin$3VANV194556$01073898 701 1$aFrimmel$bHartwig E.$3VANV194557$01073899 712 $aSpringer $3VANV108073$4650 790 1$aFrimmel, H. E.$zFrimmel, Hartwig E.$3VANV194558 790 1$aFrimmel, H.E.$zFrimmel, Hartwig E.$3VANV201015 801 $aIT$bSOL$c20241206$gRICA 856 4 $uhttps://link.springer.com/openurl?genre=book&isbn=978-3-662-57316-7$zE-book - Accesso al full-text attraverso riconoscimento IP di Ateneo, proxy e/o Shibboleth 899 $aBIBLIOTECA DEL DIPARTIMENTO DI SCIENZE E TECNOLOGIE AMBIENTALI BIOLOGICHE E FARMACEUTICHE$1IT-CE0101$2VAN17 912 $fN 912 $aVAN00237481 950 $aBIBLIOTECA DEL DIPARTIMENTO DI SCIENZE E TECNOLOGIE AMBIENTALI BIOLOGICHE E FARMACEUTICHE$d17CONS e-book 2223 $e17BIB2223/566 566 20220114 996 $aMineralogy$92570162 997 $aUNICAMPANIA